| 000 | 00000nam##2200000za#4500 |
| 001 | 9.676347 |
| 003 | CaOODSP |
| 005 | 20210624225803 |
| 007 | cr ||||||||||| |
| 008 | 150407|1990||||xxc|||||o f|0| 0 eng|d |
| 040 | |aCaOODSP|beng |
| 041 | |aeng |
| 041 | |afre |
| 043 | |an-cn--- |
| 086 | 1 |aCS94-101/1990-PDF |
| 245 | 00|aProfile of visible minorities and aboriginal peoples : 1986 census, 20% sample data |h[electronic resource] |
| 260 | |aOttawa - Ontario : |bStatistics Canada |c1990. |
| 500 | |aHistorical census publication digitized by Statistics Canada. |
| 590 | |a13-07-Supp|b2013-03-25 |
| 710 | 2 |aStatistics Canada. |
| 792 | |tProfils des minorités visibles et des autochtones : recensement de 1986, données-échantillon (20%) |efre|w(CaOODSP)9.676348 |
| 856 | 40|ahttp://publications.gc.ca|qPDF|s18.9 MB|uhttps://publications.gc.ca/collections/collection_2013/statcan/rh-hc/CS94-101-1990.pdf |